Станции метро Желтой ветки Москвы - Statistics

General Stats
  • This quiz has been taken 34 times
  • The average score is 7 of 8
Answer Stats
Название % Correct
Новокосино
100%
Шоссе Энтузиастов
96%
Новогиреево
93%
Перово
93%
Марксистская
93%
Площадь Ильича
89%
Третьяковская
89%
Авиамоторная
86%
No matching quizzes found
Score Distribution
Percent of People with Each Score
Percentile by Number Answered
Your Score History
You have not taken this quiz